00391 a2200109 4500001001000000005001700010008004100027245009700068100002300165773007600188999001700264ART_1378220260410161910.0260409a 10aDinámica demográfica, planificación familiar y política de población en Costa Rica1 aRosero Bixby, Luis0 tDemografía y economíag- Vol. XV, Nº 45 (ene./mar. 1981)wREV13200 c26765d26765